Variety international showbusiness reference /

Bibliographic Details
Other Authors: Kaplan, Mike, 1918-
Format: Book
Language:English
Published: New York : Garland Pub., 1981.
Series:Garland reference library of the humanities ; v. 292.
Subjects:

MARC

Tag First Indicator Second Indicator Subfields
LEADER 00000cam a22000008a 4500
001 in00000088808
005 20151008063247.0
008 810310s1981 nyu e 00000 eng
010 |a  81002329  
020 |a 0824093410 :  |c $75.00 
035 |a (OCoLC)07328791 
035 |9 AAK1892AM 
039 0 |a 2  |b 3  |c 3  |d 3  |e 3 
040 |a DLC  |c DLC  |d TXA  |d UtOrBLW 
049 |a TXAF  |c [802450] 
050 0 0 |a PN1579  |b  V3 
082 0 |a 790.2/03/21  |2 19 
245 0 0 |a Variety international showbusiness reference /  |c Mike Kaplan, editor. 
263 |a 8107 
264 1 |a New York :  |b Garland Pub.,  |c 1981. 
300 |a 2,1135 pages ;  |c 29 cm. 
336 |a text  |b txt  |2 rdacontent 
337 |a unmediated  |b n  |2 rdamedia 
338 |a volume  |b nc  |2 rdacarrier 
490 1 |a Garland reference library of the humanities ;  |v v. 292 
650 0 |a Performing arts  |x Dictionaries. 
700 1 |a Kaplan, Mike,  |d 1918- 
730 0 |a Daily variety. 
740 0 |a International showbusiness reference. 
830 0 |a Garland reference library of the humanities ;  |v v. 292. 
999 |a MARS 
999 f f |s 79d86298-d96c-3b14-9be4-5cd6b0647e09  |i 7db2935c-430a-3bca-92cc-f77dd85fea90  |t 0 
952 f f |p ric  |a Texas A&M University  |b Rellis Campus  |c Joint Library Facility  |d Remote Storage  |t 0  |e PN1579 .V3  |h Library of Congress classification  |i unmediated -- volume  |m A14805922199 
998 f f |a PN1579 .V3  |t 0  |l Remote Storage